000 00793nam a2200229 u 4500
001 000020492
005 20200930011123.0
008 100809s2003 dr r 001 0 spa d
020 _a999340327X
040 _aDO-SdBNP
_bspa
_cBNPHU
082 _a613.286
_bR696a
100 1 _aRodríguez Martínez, Nelson Rafael
_934805
245 1 0 _aAntioxidantes orgánicos y medicalimentos naturales /
_cNelson Rafael Rodríguez Martínez.
260 _aSantiago, República Dominicana :
_bEditora Teófilo,
_c2003.
300 _a230 p. ;
_c23 cm.
590 _aInventariado, 2019/ YL
650 4 _aAntioxidantes
_943176
650 4 _aSuplementos dietéticos
_943177
650 4 _aVitaminas en la nutrición
_943178
650 4 _aMinerales en la nutrición
_943179
650 4 _aAcidos orgánicos
_943180
999 _c19996
_d19996